00299nam a2200145Ia 45000030006000000080041000060400015000471000023000622450016000852500006001012600009001073000006001165460014001220050017001360STCL150530s9999 xx 000 0 und d aSTCLcSTCL aBalakrishnan, C.V. aIthivrutham a2 c1995 a0 aMalayalam20220125171536.0